| 000 | 00506cam a2200157 4500500 | ||
|---|---|---|---|
| 005 | 20251228083124.0 | ||
| 041 | _afre | ||
| 042 | _adc | ||
| 100 | 1 | 0 |
_aLeclerc, Jean _eauthor |
| 700 | 1 | 0 |
_aNédelec, Claudine _eauthor |
| 245 | 0 | 0 | _aPierre Perrault critique littéraire |
| 260 | _c2014. | ||
| 500 | _a21 | ||
| 786 | 0 | _nDix-septième siècle | 264 | 3 | 2014-06-11 | p. 429-445 | 0012-4273 | |
| 856 | 4 | 1 | _uhttps://shs.cairn.info/revue-dix-septieme-siecle-2014-3-page-429?lang=fr&redirect-ssocas=7080 |
| 999 |
_c1600583 _d1600582 |
||